[Event "Ch Sport Union "]
[Site "masterchessopen.com Kiev (Ukraine)"]
[Date "2006.07.03"]
[Round "3"]
[White "Baryshpolets Andrey (UKR)"]
[Black "Zatorsky Danylo (UKR)"]
[Result "1-0"]
[WhiteElo "2265"]
[BlackElo "2093"]

1.Nf3 g6 2.c4 Bg7 3.d4 c5 4.e4 cxd4 5.Nxd4 Nc6 6.Be3 Nf6 7.Nc3 Ng4 8.Qxg4 Nxd4
9.Qd1 Nc6 10.Qd2 d6 11.Be2 O-O 12.O-O Ne5 13.Rad1 Be6 14.b3 Re8 15.Kh1 Nc6
16.f4 Qa5 17.Nb5 Qxd2 18.Rxd2 Rec8 19.f5 Bd7 20.f6 Bxf6 21.Nxd6 Rcb8 22.Nxf7
Be8 23.Nh6+ Kg7 24.Ng4 Bc3 25.Bh6+ {#r} 1-0

[Event "It (open)"]
[Site "masterchessopen.com Haarlem (Netherlands)"]
[Date "2006.07.09"]
[Round "6"]
[White "Gorter Yme (NED)"]
[Black "Haast Koen (NED)"]
[Result "1-0"]
[WhiteElo "1941"]
[BlackElo "2016"]

1.e4 c5 2.Nf3 Nc6 3.d4 cxd4 4.Nxd4 g6 5.Be3 Bg7 6.c4 Nf6 7.Nc3 Ng4 8.Nxc6 Nxe3
9.Nxd8 Nxd1 10.Rxd1 Kxd8 11.g3 Bxc3+ 12.bxc3 b6 13.Rd4 Bb7 14.Bh3 d6 15.Ke2
Kc7 16.Rhd1 Rad8 17.f4 e5 18.fxe5 dxe5 19.Rd7+ Rxd7 20.Rxd7+ Kb8 21.Rxf7 Bxe4
22.Re7 Bb1 23.a3 e4 24.Be6 b5 25.c5 Bd3+ 26.Ke3 Bc4 27.Bxc4 bxc4 28.Rxe4 Rd8
29.Rxc4 Kc7 30.Rd4 Re8+ 31.Re4 Rh8 32.Kd4 Kd7 33.Kd5 Rc8 34.c6+ {#r} 1-0

[Event "It (open)"]
[Site "masterchessopen.com Pardubice (Czech Republic)"]
[Date "2006.07.28"]
[Round "8"]
[White "Strohhaeker Raoul (GER)"]
[Black "Biolek Richard Jr (CZE)"]
[Result "1-0"]
[WhiteElo "2357"]
[BlackElo "2287"]

1.e4 c5 2.Nf3 g6 3.d4 cxd4 4.Nxd4 Bg7 5.c4 Nc6 6.Be3 Nf6 7.Nc3 Ng4 8.Qxg4 Nxd4
9.Qd1 Ne6 10.Bd3 Bxc3+ 11.bxc3 Qa5 12.O-O Qxc3 13.f4 d6 14.Rc1 Qa3 15.c5 O-O
16.cxd6 Qxd6 17.f5 Nd4 18.Bc4 Nc6 19.Qxd6 exd6 20.Bh6 gxf5 21.Rc3 Ne5 22.Rg3+
Ng6 {#r} 1-0

[Event "It (open)"]
[Site "masterchessopen.com Tibor (Czech Republic)"]
[Date "2006.08.04"]
[Round "8"]
[White "Vavrousek Petr (CZE)"]
[Black "Pekarek Petr (CZE)"]
[Result "0-1"]
[WhiteElo "1888"]
[BlackElo "2130"]

1.e4 c5 2.Nf3 Nc6 3.d4 cxd4 4.Nxd4 g6 5.c4 Bg7 6.Be3 Nf6 7.Nc3 Ng4 8.Qxg4 Nxd4
9.Qd1 e5 10.Bd3 O-O 11.O-O d6 12.Rc1 f5 13.exf5 Bxf5 14.Ne2 Ne6 15.Bxf5 gxf5
16.Qd5 Qe7 17.Rfd1 f4 18.Bd2 Rae8 19.Bb4 f3 20.Ng3 Qg5 21.Bxd6 Rf7 22.Bc5 Nf4
23.Be3 Qg6 24.gxf3 Nxd5 {#R} 0-1

[Event "Ch Great Britain (open)"]
[Site "masterchessopen.com Swansea (Wales)"]
[Date "2006.08.12"]
[Round "6"]
[White "Jain Akshay Kumar (IND)"]
[Black "Hegarty Sarah (ENG)"]
[Result "0-1"]
[WhiteElo "2242"]
[BlackElo "1948"]

1.e4 c5 2.Nf3 Nc6 3.d4 cxd4 4.Nxd4 g6 5.c4 Bg7 6.Be3 Nf6 7.Nc3 Ng4 8.Qxg4 Nxd4
9.Qd1 e5 10.Bxd4 exd4 11.Nd5 O-O 12.Bd3 d6 13.O-O Be6 14.Nf4 Rc8 15.b3 Qh4
16.Ne2 Rc5 17.Ng3 Be5 18.Rc1 Bf4 19.Rc2 Rh5 20.h3 Rg5 21.Qe2 Bxh3 {#R} 0-1

[Event "Ch NATO"]
[Site "masterchessopen.com Berkshire "]
[Date "2006.08.21"]
[Round "1"]
[White "Van Den Heuvel Tonnie (NED)"]
[Black "Sypien Mateusz (POL)"]
[Result "0-1"]
[WhiteElo "1950"]
[BlackElo "2200"]

1.e4 c5 2.c4 Nc6 3.Nf3 g6 4.d4 cxd4 5.Nxd4 Bg7 6.Be3 Nf6 7.Nc3 Ng4 8.Qxg4 Nxd4
9.Qd1 Ne6 10.Qd2 Qa5 11.Rb1 b6 12.Be2 Bb7 13.f3 f5 14.exf5 gxf5 15.f4 Bxc3
16.Bh5+ Kd8 17.bxc3 Bc6 18.Rf1 Kc7 19.Bf3 Nc5 20.Bxc5 Qxc5 21.Qd4 Rhg8 22.Qxc5
bxc5 23.Bxc6 Kxc6 24.Rf2 Rab8 25.Rfb2 Rb6 26.Kf2 Rg6 27.Rb3 Re6 28.Re1 Rxe1
29.Kxe1 Rxb3 30.axb3 d5 31.cxd5+ Kxd5 32.Kd2 Ke4 33.g3 h6 34.Ke2 h5 {#R} 0-1

[Event "It (open) \"]
[Site "masterchessopen.com Berlin (Germany)"]
[Date "2006.08.22"]
[Round "4"]
[White "Krug Peter (GER)"]
[Black "Piekors Mark (GER)"]
[Result "0-1"]
[WhiteElo "2167"]
[BlackElo "2111"]

1.e4 c5 2.Nf3 Nc6 3.d4 cxd4 4.Nxd4 g6 5.c4 Bg7 6.Be3 Nf6 7.Nc3 Ng4 8.Qxg4 Nxd4
9.Qd1 Ne6 10.Rc1 b6 11.Be2 Bb7 12.f3 O-O 13.Qd2 f5 14.exf5 gxf5 15.O-O Rf6
16.Nd5 Rg6 17.Rfd1 Qf8 18.b4 d6 19.Kh1 Kh8 20.a4 Rc8 21.Bd3 Nd8 22.Bg5 e6
23.Nc3 Nc6 24.Be2 Nd4 25.Qe3 e5 26.f4 exf4 27.Qxf4 Nxe2 28.Nxe2 h6 29.h4 Be5
{#R} 0-1

[Event "It (open)"]
[Site "masterchessopen.com Kuala Lumpur (Malaysia)"]
[Date "2006.08.26"]
[Round "10"]
[White "Sadorra Julio Catalino (PHI)"]
[Black "Halay Taufik (INA)"]
[Result "1-0"]
[WhiteElo "2374"]
[BlackElo "2401"]

1.Nf3 c5 2.c4 Nc6 3.d4 cxd4 4.Nxd4 g6 5.e4 Bg7 6.Be3 Nf6 7.Nc3 Ng4 8.Qxg4 Nxd4
9.Qd1 Ne6 10.Rc1 Qa5 11.Bd3 Bxc3+ 12.Rxc3 Qxa2 13.Qc1 Qa5 14.c5 O-O 15.O-O Qc7
16.f4 d6 17.f5 Nxc5 18.Bd4 Qd7 19.Qh6 f6 20.Bxc5 dxc5 21.Bc4+ {#r} 1-0

[Event "It (open)"]
[Site "masterchessopen.com Tatranske Zruby (Slovakia)"]
[Date "2006.09.24"]
[Round "2"]
[White "Povysil Peter (SVK)"]
[Black "Langner Ladislav (CZE)"]
[Result "0-1"]
[WhiteElo "2055"]
[BlackElo "2396"]

1.Nf3 Nf6 2.c4 g6 3.Nc3 Bg7 4.e4 c5 5.d4 cxd4 6.Nxd4 Nc6 7.Be3 Ng4 8.Qxg4 Nxd4
9.Qd1 Ne6 10.Be2 Qa5 11.Qd2 b6 12.Rb1 Bxc3 13.bxc3 Bb7 14.Rb5 Qa4 15.O-O Bxe4
16.Rd1 Bc6 17.Rdb1 Bxb5 18.Rb4 Qa3 19.Rxb5 O-O 20.Rb3 Qd6 21.Qxd6 exd6 22.Bf3
Rac8 23.Bd5 Rc7 24.g3 Rfc8 25.a4 Nc5 26.Ra3 Nb7 27.a5 Nxa5 28.Bf4 Nxc4 29.Bxc4
Rxc4 30.Rxa7 Rxf4 31.gxf4 Rxc3 32.Rxd7 Rc6 {#R} 0-1

[Event "Ch Czech Republic (1/2 final)"]
[Site "masterchessopen.com Havlickuv Brod (Czech Republic)"]
[Date "2006.09.26"]
[Round "4"]
[White "Rabatin Jakub (CZE)"]
[Black "Uricar Jakub (CZE)"]
[Result "1-0"]
[WhiteElo "2004"]
[BlackElo "2076"]

1.e4 c5 2.Nf3 Nc6 3.d4 cxd4 4.Nxd4 g6 5.c4 Bg7 6.Be3 Nf6 7.Nc3 Ng4 8.Qxg4 Nxd4
9.Qd1 Nc6 10.Rc1 d6 11.Be2 O-O 12.O-O Bd7 13.Qd2 Rc8 14.f4 b6 15.Rfd1 Na5
16.b3 Bc6 17.b4 Nb7 18.Qd3 a6 19.Nd5 Bxd5 20.cxd5 a5 21.Qa6 Rxc1 22.Rxc1 Qb8
23.Rc6 Nd8 24.Rc8 Qb7 25.Rxd8 Qc7 26.Rxf8+ Bxf8 27.Qc4 Qa7 28.b5 {#r} 1-0

[Event "Czech League 2006/07 (2nd) (c)"]
[Site "masterchessopen.com Czech Republic"]
[Date "2006.11.05"]
[Round "2"]
[White "Vavra Radim (CZE)"]
[Black "Voboril Pavel (CZE)"]
[Result "0-1"]
[WhiteElo "2067"]
[BlackElo "2055"]

1.e4 c5 2.c4 Nc6 3.Ne2 g6 4.d4 cxd4 5.Nxd4 Bg7 6.Be3 Nf6 7.Nc3 Ng4 8.Qxg4 Nxd4
9.Qd1 Nc6 10.Qd2 d6 11.Be2 Be6 12.O-O O-O 13.f4 f5 14.exf5 gxf5 15.Nd5 Kh8
16.Rad1 Rc8 17.Bf3 Qe8 18.b4 b6 19.Rfe1 Bf7 20.a3 Rg8 21.Bf2 e5 22.Bh4 Nd4
23.Qf2 Nxf3+ 24.gxf3 Rxc4 25.Kh1 Bxd5 26.Rxd5 Qc6 27.Red1 Rxf4 28.Bg3 Rd4
29.R5xd4 exd4 30.Rg1 Qd5 31.Bf4 d3 {#R} 0-1

[Event "It (open) (b)"]
[Site "masterchessopen.com Benidorm (Spain)"]
[Date "2006.12.06"]
[Round "6"]
[White "Gomez Celdran Fco Miquel (ESP)"]
[Black "Tejedor Barber Lorenzo (ESP)"]
[Result "1-0"]
[WhiteElo "1982"]
[BlackElo "2063"]

1.e4 c5 2.Nf3 Nc6 3.d4 cxd4 4.Nxd4 g6 5.c4 Bg7 6.Be3 Nf6 7.Nc3 Ng4 8.Qxg4 Nxd4
9.Qd1 Ne6 10.Rc1 Qa5 11.Qd2 d6 12.Bd3 Nc5 13.Bb1 Be6 14.b3 h6 15.O-O a6 16.f4
Bd7 17.f5 gxf5 18.exf5 Bc6 19.Bd4 Rg8 20.Rf2 Bf8 21.Qe3 O-O-O 22.Nd5 e5
23.fxe6 Bxd5 24.cxd5 Kb8 25.Rxf7 Re8 26.Bh7 Rg5 27.Bxc5 dxc5 28.Qf4+ Ka7
29.Rxf8 Rxf8 30.Qxf8 Qd2 31.Qxc5+ Ka8 32.Be4 Re5 33.Qf8+ {#r} 1-0

[Event "Memorial Giorgi Tringov (open)"]
[Site "masterchessopen.com Plovdiv (Bulgaria)"]
[Date "2007.02.08"]
[Round "6"]
[White "Gabric Goran (SRB)"]
[Black "Raev Rastislav (BUL)"]
[Result "0-1"]
[WhiteElo "2026"]
[BlackElo "2313"]

1.e4 c5 2.Nf3 Nc6 3.d4 cxd4 4.Nxd4 g6 5.c4 Bg7 6.Be3 Nf6 7.Nc3 Ng4 8.Qxg4 Nxd4
9.Qd1 Nc6 10.Rc1 O-O 11.Be2 d6 12.O-O Be6 13.Qd2 Qa5 14.Bh6 Rfc8 15.Bxg7 Kxg7
16.Rfd1 Rab8 17.Nd5 Qxd2 18.Rxd2 Bxd5 19.exd5 Ne5 20.f4 Nd7 21.b4 a5 22.a3
axb4 23.axb4 Ra8 24.Rb2 Ra3 25.Kf2 Nb6 26.Rcc2 Kf6 27.g3 h6 28.h3 g5 29.c5
Nxd5 30.Bf3 Ne3 31.Re2 Nd1+ 32.Kg2 Nxb2 33.Bxb7 Rc7 {#R} 0-1

[Event "It (open)"]
[Site "masterchessopen.com Stillwater (USA)"]
[Date "2007.02.18"]
[Round "5"]
[White "Panchanathan M"]
[Black "Movsisyan Movses (USA)"]
[Result "1-0"]
[WhiteElo "2466"]
[BlackElo "2268"]

1.e4 c5 2.Nf3 Nc6 3.d4 cxd4 4.Nxd4 g6 5.c4 Bg7 6.Be3 Nf6 7.Nc3 Ng4 8.Qxg4 Nxd4
9.Qd1 Ne6 10.Be2 Bxc3+ 11.bxc3 Qa5 12.O-O Qxc3 13.Rc1 Qa3 14.c5 O-O 15.Bc4 d6
16.cxd6 Qxd6 17.Qxd6 exd6 18.f4 Nc7 19.f5 Kg7 20.Bb3 Na6 21.Bf4 Re8 22.Bxd6
Rxe4 23.fxg6 f5 24.Bd5 Re2 25.gxh7 Be6 26.Bxb7 Rd8 27.Bxa6 Rxd6 28.Bxe2 {#r}
1-0

[Event "Ch Lithuania (1/2 final)"]
[Site "masterchessopen.com Vilnius (Lithuania)"]
[Date "2007.02.22"]
[Round "9"]
[White "Jegorovas Aleksandras (LTU)"]
[Black "Dubovikas Tomas (LTU)"]
[Result "1-0"]
[WhiteElo "2277"]
[BlackElo "2192"]

1.Nf3 g6 2.d4 Bg7 3.c4 c5 4.e4 cxd4 5.Nxd4 Nc6 6.Be3 Nf6 7.Nc3 Ng4 8.Qxg4 Nxd4
9.Qd1 Nc6 10.Rc1 O-O 11.Be2 d6 12.O-O Qa5 13.a3 Be6 14.Qd2 Rac8 15.Rfd1 a6
16.f4 Rfd8 17.Nd5 Qxd2 18.Rxd2 f5 19.exf5 Bxf5 20.b4 Kf8 21.Bf3 Nb8 22.Nb6 Rc7
23.Na8 Rcd7 24.Nb6 Rc7 25.c5 Nd7 26.Nxd7+ Rdxd7 27.g4 Be6 28.Rcd1 Kf7 29.Bxb7
dxc5 30.Rxd7 Bxd7 31.bxc5 Bxg4 32.Bxa6 Ke8 33.c6 {#r} 1-0

[Event "Ch Belgium (team) 2006/07"]
[Site "masterchessopen.com Belgium"]
[Date "2007.02.25"]
[Round "9"]
[White "Van Haastert Edwin (NED)"]
[Black "Praet Maarten (BEL)"]
[Result "1-0"]
[WhiteElo "2414"]
[BlackElo "2248"]

1.e4 c5 2.Nf3 g6 3.d4 cxd4 4.Nxd4 Bg7 5.c4 Nc6 6.Be3 Nf6 7.Nc3 Ng4 8.Qxg4 Nxd4
9.Qd1 Ne6 10.Rc1 Qa5 11.Be2 b6 12.O-O Bb7 13.f3 d6 14.Rf2 f5 15.exf5 Qxf5
16.Nd5 Nc5 17.Nc7+ Kf7 18.Nxa8 Rxa8 19.b4 Ne6 20.f4 Qe4 21.Qd2 Bd4 22.Bxd4
Qxd4 23.Bd3 Be4 24.Bxe4 Qxe4 25.Re1 Qd4 26.Qe2 Qf6 27.Qe4 {#r} 1-0

[Event "Ch St. Petersburg (w)"]
[Site "masterchessopen.com St. Petersburg (Russia)"]
[Date "2007.03.01"]
[Round "4"]
[White "Lelekova Olga (RUS)"]
[Black "Dushenok Anna (RUS)"]
[Result "1-0"]
[WhiteElo "2230"]
[BlackElo "2144"]

1.e4 c5 2.Nf3 Nc6 3.d4 cxd4 4.Nxd4 g6 5.c4 Bg7 6.Be3 Nf6 7.Nc3 Ng4 8.Qxg4 Nxd4
9.Qd1 Ne6 10.Be2 Qa5 11.O-O b6 12.Nd5 Bxb2 13.Rb1 Bg7 14.a4 Bb7 15.Rb5 Qa6
16.Nb4 Qxb5 17.axb5 Bxe4 18.Nd5 d6 19.Bg4 f5 20.Bf3 Bxf3 21.Qxf3 Rc8 22.Qe2
Kf7 23.Re1 Rhe8 24.Bxb6 {#r} 1-0

[Event "Ch France (team) (nat.2) 2006/07"]
[Site "masterchessopen.com France"]
[Date "2007.04.01"]
[Round "11"]
[White "Bauduin Etienne (BEL)"]
[Black "Theon Pierre (FRA)"]
[Result "1-0"]
[WhiteElo "2307"]
[BlackElo "2121"]

1.c4 Nf6 2.Nc3 c5 3.Nf3 g6 4.d4 cxd4 5.Nxd4 Bg7 6.e4 Nc6 7.Be3 Ng4 8.Qxg4 Nxd4
9.Qd1 Ne6 10.Qd2 Qa5 11.Rc1 b6 12.Bd3 Bb7 13.O-O g5 14.Rc2 Qe5 15.Nd5 Rc8
16.b4 h5 17.f3 h4 18.h3 Rg8 19.Kh1 Bh6 20.Qf2 f6 21.Bc1 Qd4 22.Qe2 Nf4 23.Nxf4
gxf4 24.Bb2 Qd6 25.a3 Rg3 26.Re1 e5 27.Rd1 Qe7 28.c5 bxc5 29.Bb5 Bc6 30.Rxc5
Bf8 31.Bxc6 Rxc6 32.Rxc6 dxc6 33.Qc4 {#r} 1-0

[Event "NRW Klasse 2 2006/07"]
[Site "masterchessopen.com Germany"]
[Date "2007.04.15"]
[Round "8"]
[White "Wolf Norbert (GER)"]
[Black "Wagenknecht Uwe (GER)"]
[Result "0-1"]
[WhiteElo "2061"]
[BlackElo "2161"]

1.e4 c5 2.Nf3 Nc6 3.d4 cxd4 4.Nxd4 g6 5.c4 Bg7 6.Be3 Nf6 7.Nc3 Ng4 8.Qxg4 Nxd4
9.Qd1 Ne6 10.Rc1 b6 11.Bd3 Bb7 12.O-O Nc5 13.Bb1 d6 14.Qd2 O-O 15.Bh6 Qd7
16.Bxg7 Kxg7 17.f4 Qe6 18.b4 Nd7 19.Nb5 Rfc8 20.Nd4 Qf6 21.Nf3 Rd8 22.Qe3 e6
23.e5 Qe7 24.exd6 Qxd6 25.c5 bxc5 26.bxc5 Qc6 27.Rf2 Rac8 28.Ng5 Nxc5 29.Be4
Qb6 30.Rxc5 Rxc5 31.Bxb7 Rd1+ 32.Rf1 Rcc1 {#R} 0-1

[Event "It (b)"]
[Site "masterchessopen.com Gausdal (Norway)"]
[Date "2007.04.19"]
[Round "2"]
[White "White Michael (ENG)"]
[Black "Guddahl Viggo (NOR)"]
[Result "1-0"]
[WhiteElo "2274"]
[BlackElo "2153"]

1.Nf3 Nf6 2.c4 c5 3.Nc3 Nc6 4.d4 cxd4 5.Nxd4 g6 6.e4 Bg7 7.Be3 Ng4 8.Qxg4 Nxd4
9.Qd1 Ne6 10.Qd2 Qa5 11.Rc1 d6 12.Be2 Bd7 13.O-O Bc6 14.f3 O-O 15.Rc2 Rfc8
16.Rb1 Qb4 17.Rcc1 a6 18.a3 Qb3 19.Bd1 Qxc4 20.Nd5 Bxd5 21.exd5 Qa2 22.dxe6
Qxe6 23.Bc2 Rc7 24.Be4 Rac8 25.Rxc7 Rxc7 26.Bb6 Rd7 27.Bd5 Qf5 28.Rc1 h5
29.Qc2 {#r} 1-0

[Event "It (open)"]
[Site "masterchessopen.com Gerlingen (Germany)"]
[Date "2007.05.19"]
[Round "6"]
[White "Schaefer Alexander (GER)"]
[Black "Vaysberg Alexander (GER)"]
[Result "0-1"]
[WhiteElo "1975"]
[BlackElo "2162"]

1.e4 c5 2.Nf3 Nc6 3.d4 cxd4 4.Nxd4 g6 5.c4 Bg7 6.Be3 Nf6 7.Nc3 Ng4 8.Nxc6 Nxe3
9.Nxd8 Nxd1 10.Rxd1 Bxc3+ 11.bxc3 Kxd8 12.c5 Kc7 13.Bc4 f6 14.Ke2 Kc6 15.Rd4
Kxc5 16.Bb3 b5 17.Rhd1 d6 18.Rd5+ Kb6 19.c4 a6 20.Ke3 Bb7 21.c5+ dxc5 22.Rd7
c4 23.Bxc4 Bc6 24.Bd5 Bxd7 25.Bxa8 Bg4 26.f3 Bxf3 27.Kxf3 Rxa8 28.Rd7 Ra7 {#R}
0-1

[Event "Cup Serbia (team)"]
[Site "masterchessopen.com Mataruska Banja (Serbia)"]
[Date "2007.05.24"]
[Round "4"]
[White "Arsovic Zoran (SRB)"]
[Black "Dobrijevic Milan (SRB)"]
[Result "1-0"]
[WhiteElo "2459"]
[BlackElo "2194"]

1.Nf3 g6 2.c4 Bg7 3.e4 c5 4.d4 cxd4 5.Nxd4 Nc6 6.Be3 Nf6 7.Nc3 Ng4 8.Qxg4 Nxd4
9.Qd1 Nc6 10.Qd2 Qa5 11.Rc1 d6 12.Be2 O-O 13.O-O Be6 14.b3 Rac8 15.Rfd1 f5
16.exf5 Qxf5 17.f4 b6 18.Bf3 Bd7 19.Rf1 Kh8 20.g3 Qa5 21.Bg2 Bf5 22.h3 h5
23.Rfd1 Kh7 24.Kh2 e5 25.Nb5 Qxd2 26.Rxd2 exf4 27.Bxf4 Ne5 28.Nxd6 Rcd8
29.Rcd1 Be6 30.Re1 {#r} 1-0

[Event "It (open)"]
[Site "masterchessopen.com Voesendorf (Austria)"]
[Date "2007.06.08"]
[Round "3"]
[White "Kaiser Richard (GER)"]
[Black "Teichmeister Sven (AUT)"]
[Result "1-0"]
[WhiteElo "2187"]
[BlackElo "2135"]

1.Nf3 c5 2.c4 g6 3.d4 cxd4 4.Nxd4 Bg7 5.e4 Nc6 6.Be3 Nf6 7.Nc3 Ng4 8.Qxg4 Nxd4
9.Qd1 Nc6 10.Qd2 O-O 11.Be2 d6 12.O-O Qa5 13.Rfc1 Be6 14.a3 Rfc8 15.b4 Qd8
16.f4 a5 17.b5 Nb8 18.Rab1 Bxc4 19.Bg4 Nd7 20.Bxd7 Qxd7 21.Na4 Bxb5 22.Rxc8+
Rxc8 23.Nb6 Bc3 24.Qc1 Bd4 25.Nxc8 Bxe3+ 26.Qxe3 {#r} 1-0

[Event "It (cat.3)"]
[Site "masterchessopen.com Volodarskij (Russia)"]
[Date "2007.06.27"]
[Round "1"]
[White "Arakeljan Alexandr (ARM)"]
[Black "Kravchenja Anastasija (BLR)"]
[Result "1-0"]
[WhiteElo "2343"]
[BlackElo "2047"]

1.e4 c5 2.Nf3 Nc6 3.d4 cxd4 4.Nxd4 g6 5.c4 Bg7 6.Be3 Nf6 7.Nc3 Ng4 8.Qxg4 Nxd4
9.Qd1 Ne6 10.Bd3 Qa5 11.Rc1 Bxc3+ 12.Rxc3 Qxa2 13.O-O Qxb2 14.Rb3 Qe5 15.Rb5
Qc7 16.c5 O-O 17.Qa1 d6 18.cxd6 Qxd6 19.Rd5 Qb8 20.Bh6 Re8 21.Bb5 Rf8 22.Rfd1
f6 23.Bxf8 Nxf8 24.Rd8 Qc7 25.Re8 Kf7 26.Rc1 Qe5 27.Qxe5 fxe5 28.Rcxc8 {#r}
1-0

[Event "Ch Asia (juniors) (under 18)"]
[Site "masterchessopen.com Tashkent (Uzbekistan)"]
[Date "2007.07.05"]
[Round "7"]
[White "Amanov Zhanibek (KAZ)"]
[Black "Temirov B (KAZ)"]
[Result "1-0"]
[WhiteElo "2277"]
[BlackElo "2282"]

1.e4 c5 2.Nf3 Nc6 3.d4 cxd4 4.Nxd4 g6 5.c4 Bg7 6.Be3 Nf6 7.Nc3 Ng4 8.Qxg4 Nxd4
9.Qd1 Ne6 10.Rc1 Qa5 11.Bd3 g5 12.O-O b6 13.Nd5 Bxb2 14.Rb1 Qa3 15.Qd2 Bf6
16.c5 bxc5 17.Nxf6+ exf6 18.e5 Ba6 19.Rb3 Qa4 20.Bxa6 Qxa6 21.exf6 c4 22.Rc3
Qc6 23.Rxc4 Qxc4 24.Qd6 Kd8 25.Rc1 Qxc1+ 26.Bxc1 Kc8 27.h3 Rb8 28.Be3 Rb7
29.a4 Re8 30.a5 Rc7 31.Kh2 h6 32.Qd2 Rc6 33.Qd3 Nc5 34.Qd5 Ree6 {#r} 1-0

[Event "It (open)"]
[Site "masterchessopen.com Oberwart (Austria)"]
[Date "2007.07.09"]
[Round "3"]
[White "Lehner Oliver (AUT)"]
[Black "Jakubiec Artur (POL)"]
[Result "0-1"]
[WhiteElo "2419"]
[BlackElo "2524"]

1.Nf3 c5 2.c4 Nc6 3.d4 cxd4 4.Nxd4 g6 5.e4 Bg7 6.Be3 Nf6 7.Nc3 Ng4 8.Qxg4 Nxd4
9.Qd1 Ne6 10.Rc1 O-O 11.g3 b6 12.Bg2 Bb7 13.O-O Rc8 14.Qa4 Nc5 15.Qa3 a5
16.Rfd1 d6 17.Nd5 Bc6 18.b4 axb4 19.Qxb4 Ra8 20.Nxb6 Rb8 21.Bxc5 dxc5 22.Rxd8
cxb4 23.Rxb8 Rxb8 24.c5 Bd4 25.Nd5 Kf8 26.Rc4 Bc3 27.Nxc3 bxc3 28.Bf3 Rb1+
{#R} 0-1

[Event "It (open)"]
[Site "masterchessopen.com Davos (Switzerland)"]
[Date "2007.08.06"]
[Round "1"]
[White "Arocha Carlos (SUI)"]
[Black "Turner Matthew (ENG)"]
[Result "0-1"]
[WhiteElo "1971"]
[BlackElo "2484"]

1.e4 c5 2.Nf3 g6 3.d4 cxd4 4.Nxd4 Bg7 5.c4 Nc6 6.Be3 Nf6 7.Nc3 Ng4 8.Nxc6 Nxe3
9.Nxd8 Nxd1 10.Rxd1 Kxd8 11.Na4 d6 12.Be2 Bd7 13.Nc3 Bxc3+ 14.bxc3 Rc8 15.f4
Kc7 16.Kf2 Be6 17.Rd4 Kb8 18.Rhd1 Rc5 19.Ke3 Rhc8 20.g4 Bxc4 21.Bxc4 Rxc4
22.Rxc4 Rxc4 23.Kd3 Ra4 24.Rd2 Kc7 25.h4 d5 26.Re2 dxe4+ 27.Rxe4 Rxe4 28.Kxe4
Kd6 29.Kd4 f5 30.gxf5 gxf5 31.c4 b6 32.h5 h6 33.a3 a6 34.a4 a5 35.Kd3 e5 {#R}
0-1

[Event "It \"]
[Site "masterchessopen.com Olomouc (Czech Republic)"]
[Date "2007.08.06"]
[Round "8"]
[White "Zakhartsov Viacheslav V (RUS)"]
[Black "Mankeyev Rauan (KAZ)"]
[Result "1-0"]
[WhiteElo "2565"]
[BlackElo "2402"]

{ Zakhartsov Viacheslav V (RUS) +1 =1 -0 Mankeyev Rauan (KAZ) +0 =1 -0 } 1.Nf3
c5 2.c4 Nf6 3.Nc3 g6 4.d4 cxd4 5.Nxd4 Bg7 6.e4 Nc6 7.Be3 Ng4 8.Qxg4 Nxd4 9.Qd1
Ne6 10.Rc1 Qa5 11.Be2 b6 12.O-O Bb7 13.f3 g5 14.Rf2 { ?/= } ( 14.Rc2 Rc8
15.Nb5 Qxa2 16.Qd2 Bc6 17.b4 Qb3 18.Nxa7 Rb8 19.Rfc1 Qxe3+ 20.Qxe3 Bd4 21.Kf2
h5 22.Rd2 Bxe3+ 23.Kxe3 Bb7 24.Ra2 Nf4 25.Bf1 h4 26.Nb5 O-O 27.Nd4 e6 28.g3
hxg3 29.hxg3 Ng6 30.f4 gxf4+ 31.gxf4 Kg7 32.Nf3 Ra8 33.Rca1 d6 { ...1-0,
Dolmatov Sergey 2610 - Pavlovic Milos 2450 , Cetinje 1992 Ch Yugoslavia (team)
} ) 14...Be5 ( 14...h5 15.Bf1 Qe5 16.Rd2 d6 17.Nd5 Kf8 18.b4 Bh6 19.Qb3 g4
20.Bxh6+ Rxh6 21.Qe3 Qg7 22.f4 h4 23.Be2 Rc8 24.Rf1 Bxd5 25.Rxd5 g3 26.h3 b5
27.cxb5 Qc3 28.Qxa7 Qxb4 29.b6 Nc5 30.e5 dxe5 31.Rxe5 Re6 32.Rxe6 fxe6 33.Kh1
Rd8 34.Qc7 { ...1/2-1/2, Short Nigel D 2665 - Larsen Bent 2560 , Hastings 1988
It (cat.13) } ) 15.a3 { +0.22 CAP } ( 15.g3 h5 16.Nd5 Bxb2 17.Rb1 Qa3 18.Bf1
Bxd5 19.Qxd5 Nc7 20.Qd2 Bc3 21.Qd3 Bb4 22.Rb3 Qa5 23.Bh3 O-O-O 24.c5 Na6
25.cxb6 axb6 26.Bf1 Nb8 27.Rfb2 Bc5 28.Rxb6 Bxb6 29.Bxb6 Qa4 30.Qc3+ Qc6
31.Qa5 Rde8 32.Ba7 Na6 33.Bxa6+ { 1-0, Ikonnikov Dmitrij 2411 - Vokarev Sergey
2485 , Perm 1993 Ch Russia (1/2 final) } ) 15...Bf4 { N } ( 15...Bc6 16.Bf1
Qa6 17.c5 Qb7 18.cxb6 axb6 19.Nd5 b5 20.g3 Rg8 21.Bg2 Bb8 22.Rd2 h5 23.Bh3 h4
24.Bf2 hxg3 25.hxg3 Ba7 26.Bxa7 Qxa7+ 27.Kg2 Qb7 28.Bxe6 fxe6 29.Nb4 Rh8
30.Nxc6 dxc6 31.Qc2 Kf7 32.Qc5 Rag8 33.Rcd1 Qc8 34.Rd7 Qf8 35.Rc7 { ...1-0,
Shchekachev Andrei 2572 - Vokarev Sergey 2500 , Moscow 2002 It (open)
"Aeroflot" } ) 16.Bxf4 gxf4 17.Nb5 Bc6 18.Rc3 Rc8 { ?! } ( 18...Rg8 { !? }
19.e5 Rg7 20.Bd3 Qa6 21.b4 Rg5 { } ) 19.b4 Qa6 20.Nd4 Ba4 21.Qd2 Qb7 22.Nxe6
dxe6 23.Qxf4 Qc7 24.e5 Rg8 25.Qe3 Bc6 26.Bd3 h6 27.Rcc2 Rd8 28.Rcd2 Rd7 29.Bh7
Rg7 30.Rxd7 Bxd7 31.Bd3 Bc6 32.Rd2 a5 33.Qxh6 Qxe5 34.Be4 { } {#r} 1-0

[Event "Ch City (w)"]
[Site "masterchessopen.com Perm (Russia)"]
[Date "2007.08.08"]
[Round "6"]
[White "Samigullina Diana (RUS)"]
[Black "Matveeva Olga (RUS)"]
[Result "0-1"]
[WhiteElo "2065"]
[BlackElo "2223"]

1.e4 c5 2.Nf3 Nc6 3.d4 cxd4 4.Nxd4 g6 5.c4 Bg7 6.Be3 Nf6 7.Nc3 Ng4 8.Qxg4 Nxd4
9.Qd1 Ne6 10.Rc1 Qa5 11.Qd2 d6 12.a3 Bd7 13.Be2 Bc6 14.f3 O-O 15.O-O f5
16.exf5 gxf5 17.f4 Kh8 18.b4 Qxa3 19.b5 Bd7 20.Nd5 Rae8 21.Bh5 Rd8 22.Rf3 Qb2
23.Qe1 Nc5 24.Qh4 Bf6 25.Nxf6 Qxf6 26.Qe1 Nd3 27.Qc3 Nxc1 28.Bxc1 Be8 29.Bxe8
Rdxe8 30.c5 Qxc3 31.Rxc3 Kg8 32.Bb2 Kf7 {#R} 0-1

[Event "It (open) (b)"]
[Site "masterchessopen.com Koszalin (Poland)"]
[Date "2007.08.09"]
[Round "5"]
[White "Wierzbicka Wiktoria (POL)"]
[Black "Zakoscielna Kinga (POL)"]
[Result "1-0"]
[WhiteElo "2008"]
[BlackElo "1998"]

1.e4 c5 2.Nf3 Nc6 3.d4 cxd4 4.Nxd4 g6 5.c4 Bg7 6.Be3 Nf6 7.Nc3 Ng4 8.Qxg4 Nxd4
9.Qd1 Nc6 10.Qd2 O-O 11.Be2 d6 12.O-O f5 13.f3 Kh8 14.Rad1 Be6 15.Nd5 Ne5
16.Bg5 Bxd5 17.cxd5 fxe4 18.fxe4 Qd7 19.Rc1 Bf6 20.Bh6 Rfc8 21.b3 b5 22.Be3 a6
23.h3 Rxc1 24.Rxc1 a5 25.Bb6 Qb7 26.Qe3 Bg5 27.Qxg5 Qxb6+ 28.Kh2 Qf2 29.Rc7
Re8 30.Rxe7 Rxe7 31.Qxe7 Qxe2 32.Qf8# 1-0